|
|
|
|
| LEADER |
00000nam0a2200000 4500 |
| 001 |
249523 |
| 005 |
20231101232500.0 |
| 035 |
|
|
|a (RuTPU)RU\TPU\book\271612
|
| 090 |
|
|
|a 249523
|
| 100 |
|
|
|a 20140205d1988 m y0rusy50 ca
|
| 101 |
0 |
|
|a rus
|
| 102 |
|
|
|a EE
|
| 105 |
|
|
|a a z 001zy
|
| 200 |
1 |
|
|a Статистические характеристики вариационных рядов и дисперсионный анализ
|e учебное пособие
|f В. Венсел
|g Таллинский политехнический институт (ТПИ), Кафедра статистики
|
| 210 |
|
|
|a Таллин
|c Изд-во ТалПИ
|d 1988
|
| 215 |
|
|
|a 94 с.
|c ил.
|
| 320 |
|
|
|a Библиогр.: с.93.
|
| 606 |
1 |
|
|a Ряды вариационные
|2 stltpush
|3 (RuTPU)RU\TPU\subj\2065
|9 30690
|
| 606 |
1 |
|
|a Дисперсионный анализ
|x (математическая статистика)
|2 stltpush
|3 (RuTPU)RU\TPU\subj\9614
|9 36828
|
| 610 |
1 |
|
|a учебные пособия
|
| 610 |
1 |
|
|a статистические характеристики
|
| 610 |
1 |
|
|a средние величины
|
| 610 |
1 |
|
|a вариации
|
| 610 |
1 |
|
|a моменты
|
| 675 |
|
|
|a 519.23(075.8)
|v 3
|
| 675 |
|
|
|a 519.233(075.8)
|v 3
|
| 700 |
|
1 |
|a Венсел
|b В.
|
| 712 |
0 |
2 |
|a Таллинский политехнический институт (ТПИ)
|b Кафедра статистики
|c (1941-1989)
|2 stltpush
|3 (RuTPU)RU\TPU\col\12417
|
| 801 |
|
1 |
|a RU
|b 63413507
|c 20140205
|
| 801 |
|
2 |
|a RU
|b 63413507
|c 20140207
|g RCR
|
| 942 |
|
|
|c BK
|